Statistiche per Paesi del mondo casuali

Clicka qui per fare il quiz!

Statistiche generali

  • Questo quiz è stato fatto 17 volte
  • Il punteggio medio è 125 su 196

Risposte nella Mappa

Le risposte nella mappa del quiz sottostante sono codificate secondo una scala di colori dal rosso al verde in base alla % di persone che hanno risposto correttamente.
 

Statistiche sulle risposte

Risposta% Corretto
Messico
100%
Austria
91%
Brasile
91%
Canada
91%
Egitto
91%
Estonia
91%
Finlandia
91%
Francia
91%
Italia
91%
Marocco
91%
Stati Uniti
91%
Arabia Saudita
82%
Bielorussia
82%
Bulgaria
82%
Capo Verde
82%
Cina
82%
Colombia
82%
Croazia
82%
Cuba
82%
Danimarca
82%
Ecuador
82%
Emirati Arabi Uniti
82%
Germania
82%
Giamaica
82%
India
82%
Irlanda
82%
Israele
82%
Kazakistan
82%
Kosovo
82%
Libia
82%
Macedonia
82%
Madagascar
82%
Pakistan
82%
Polonia
82%
Portogallo
82%
Repubblica Ceca
82%
Repubblica Dominicana
82%
Spagna
82%
Sri Lanka
82%
Sudan
82%
Sud Sudan
82%
Svezia
82%
Tunisia
82%
Ucraina
82%
Albania
73%
Algeria
73%
Argentina
73%
Armenia
73%
Australia
73%
Azerbaijan
73%
Belgio
73%
Bhutan
73%
Bolivia
73%
Burkina Faso
73%
Cile
73%
Comoros
73%
Corea del Nord
73%
Costa d'Avorio
73%
Eritrea
73%
Giappone
73%
Grecia
73%
Indonesia
73%
Iran
73%
Iraq
73%
Islanda
73%
Lesotho
73%
Liberia
73%
Maldive
73%
Malesia
73%
Mali
73%
Malta
73%
Moldavia
73%
Mongolia
73%
Namibia
73%
Nigeria
73%
Norvegia
73%
Nuova Zelanda
73%
Paesi Bassi
73%
Panama
73%
Perù
73%
Regno Unito
73%
Serbia
73%
Seychelles
73%
Sierra Leone
73%
Slovacchia
73%
Somalia
73%
Sudafrica
73%
Suriname
73%
Swaziland
73%
Taiwan
73%
Ungheria
73%
Uruguay
73%
Vietnam
73%
Angola
64%
Bangladesh
64%
Belize
64%
Benin
64%
Bosnia ed Erzegovina
64%
Cambogia
64%
Camerun
64%
Cipro
64%
Corea del Sud
64%
Etiopia
64%
Filippine
64%
Gabon
64%
Georgia
64%
Guatemala
64%
Guinea
64%
Guinea-Bissau
64%
Guyana
64%
Haiti
64%
Laos
64%
Lettonia
64%
Lituania
64%
Mauritania
64%
Mauritius
64%
Montenegro
64%
Mozambico
64%
Nepal
64%
Nicaragua
64%
Oman
64%
Paraguay
64%
Repubblica Centrafricana
64%
Repubblica Democratica del Congo
64%
Romania
64%
Ruanda
64%
Russia
64%
Sao Tome e Principe
64%
Senegal
64%
Svizzera
64%
Tanzania
64%
Thailandia
64%
Togo
64%
Turchia
64%
Turkmenistan
64%
Uzbekistan
64%
Venezuela
64%
Yemen
64%
Zimbabwe
64%
Afghanistan
55%
Andorra
55%
Bahamas
55%
Botswana
55%
Burundi
55%
Ciad
55%
El Salvador
55%
Gibuti
55%
Giordania
55%
Guinea Equatoriale
55%
Honduras
55%
Kenya
55%
Kirghizistan
55%
Kiribati
55%
Kuwait
55%
Libano
55%
Lussemburgo
55%
Micronesia
55%
Niger
55%
Papua Nuova Guinea
55%
Qatar
55%
Siria
55%
Tagikistan
55%
Uganda
55%
Zambia
55%
Bahrein
45%
Brunei
45%
Gambia
45%
Ghana
45%
Malawi
45%
Myanmar
45%
Repubblica del Congo
45%
Slovenia
45%
Timor Est
45%
Costa Rica
36%
Figi
36%
Palau
36%
San Marino
36%
Singapore
36%
Trinidad e Tobago
36%
Tuvalu
36%
Isole Marshall
27%
Isole Salomone
27%
Nauru
27%
Samoa
27%
Tonga
27%
Antigua e Barbuda
18%
Barbados
18%
Città del Vaticano
18%
Dominica
18%
Monaco
18%
Vanuatu
18%
Grenada
9%
Liechtenstein
9%
Saint Vincent e Grenadine
9%
Santa Lucia
9%
Saint Kitts e Nevis
0%

Distribuzione punteggi

Percentile per numero di risposta

Percentuale di utenti per punteggio

I tuoi punteggi nel tempo

Non hai fatto questo quiz